| 000 | 00340nam a2200145Ia 4500 | ||
|---|---|---|---|
| 005 | 20240807062557.0 | ||
| 008 | 240806s9999||||xx |||||||||||||| ||eng|| | ||
| 041 | _aeng | ||
| 082 |
_a720.954 _bFABI |
||
| 100 | _aCharles Fabri | ||
| 245 | 3 | _aAn introduction to indian architecture / | |
| 300 | _a0 | ||
| 650 | _aAnc. History | ||
| 942 | _cBK | ||
| 999 |
_c23109 _d23109 |
||